Najczęściej wybierane marki chipsów w polsce - Statystyki

Ogólne statystyki
  • Ten quiz został rozwiązany 105 razy
  • Średni wynik to 4 z 10
Statystyki odpowiedzi
Pozycja Procent Marka % Poprawnych
1 30,52% Lay's
99%
5 7,10% Crunchips
73%
3 14,85% Cheetos
65%
2 19,46% Pringles
63%
6 3,24% Top Chips
37%
4 8,39% Monster Munch
19%
8 2,83% Przysnacki
19%
9 2,64% Maczugi
18%
7 3,14% Curly
6%
10 2,24% Mr.Snaki
3%
Nie znaleziono quizów pasujących do podanych kryteriów
Rozkład punktacji
Procent ludzi z każdym wynikiem
Percentyl według liczby udzielonych odpowiedzi
Twoja historia wyników
Nie rozwiązałeś tego quizu